Дело о наградах за отчеты по Московскому театру 1810-1811 годов и по петербургским театрам за 1812 год

RUSMARC
00005409cbc2a2200000#x 450
001e15022f8-c8fe-4883-9d23-5fe7b3732945
00520190827093908.0
100##$a20161219l18121812k l0rusy0189 ca
1010#$arus
102##$aRU
2001#$aДело о наградах за отчеты по Московскому театру 1810-1811 годов и по петербургским театрам за 1812 год
$j3 апреля - 8 мая 1812 г.
251##$cДело
300##$aЗаголовок дела также: Дело о награждениях за отчеты по Московскому театру 1810-1811 годов и по Санкт-Петербургскому театру за 1812 год
300##$aРукописный текст. Чернила
801#0$aRU
$bРГИА
$c20161219
801#1$aRU
$bГлавНИВЦ
$c20161219
$2rusmarc
801#2$aRU
$bПБ им. Б.Н. Ельцина
$c20181003
$gRCR
$2rusmarc
850##$aФедеральное казенное учреждение "Российский государственный исторический архив" (РГИА)
852##$aРГИА
$j1135
937##$hРГИА
$d12235434
$aASBIBLIO_SCAN
462#0$1001dd3991dc-24e1-42ec-8838-ca4255420416
$12001
$a1746-1850 гг.
$vД. 1135
$1251
$cОпись
$1852
$j1
461#0$10019264ebf8-de62-4f1a-9eb4-9f22098dbbd5
$12001
$aДирекция императорских театров МИДв
$1251
$cФонд
$1852
$j497
215##$a27 листов
$d36,5х26 см
371##$aДокумент не является опубликованным и широко распространяемым
105##$ay###
1222#$ad18120403##
$ad18120508##
035##$ae15022f8-c8fe-4883-9d23-5fe7b3732945
856##$uhttp://readingroom.main.prlib.ru/item.aspx?id_node=n118848745&mode=full
5171#$aДело о награждениях за отчеты по Московскому театру 1810-1811 годов и по Санкт-Петербургскому театру за 1812 год
605##$2acquisition_Prlib
$3DITM\AF\0000003834
$aНарод
$lколлекция
605##$aГод театра в России
$lколлекция
$2acquisition_Prlib
$3LIBNET\UAF\0000080478
6061#$2prlib_sh
$3LIBNET\UAF\0000083599
$aТеатры
$jДокументы и материалы
$yСанкт-Петербург, город
$z1-я пол. 19 в.
6061#$2nlr_sh
$3RU\NLR\AUTH\6620252
$aТеатры
$jДокументы и материалы
$yМосква, город
686##$2rubbk
$a85.33ю1
$vLBC/M
686##$a63.3(2)521-7ю1
$vLBC/M
$2rubbk
Формат отображения